|
|
|
|
| LEADER |
00903nam a22002297a 4500 |
| 001 |
31283 |
| 003 |
BD-DhAAL |
| 005 |
20170118165212.0 |
| 008 |
170118s2014 bg ||||| |||| 00| 0 eng d |
| 040 |
|
|
|a BD-DhAAL
|c BD-DhAAL
|
| 082 |
|
|
|2 23
|a 657.02
|
| 245 |
|
|
|a Handbook of the code of ethics for professional accountants :
|b ISBA code of ethics
|
| 260 |
|
|
|a Dhaka :
|b The Institute of Chartered Accountants of Bangladesh,
|c 2014
|
| 300 |
|
|
|a 181 pages ;
|c 25 cm.
|
| 526 |
|
|
|a AAL
|
| 541 |
|
|
|e 31283
|
| 650 |
|
|
|a Accountants
|x Professional ethics
|v Handbooks, manuals, etc
|9 20908
|
| 710 |
|
|
|a The Institute of Chartered Accountants of Bangladesh
|9 20909
|
| 852 |
|
|
|a Ayesha Abed Library
|c General Stacks
|
| 942 |
|
|
|2 ddc
|c BK
|
| 999 |
|
|
|c 37929
|d 37929
|
| 952 |
|
|
|0 0
|1 0
|2 ddc
|4 0
|6 657_020000000000000_HAN
|7 0
|9 59942
|a BRACUL
|b BRACUL
|c GEN
|d 2017-01-18
|e Complimentary
|l 0
|o 657.02 HAN
|p 3010031283
|r 2017-01-18
|t 1
|w 2017-01-18
|y BK
|